LEADER 01320nam 2200373 450 001 000016026 005 20050718115600.0 010 $a0-8247-1282-X 100 $a20030901d1982----km-y0itay0103----ba 101 0 $aeng 102 $aUS 200 1 $aCommutative algebra$eanalytical methods$fedited by Richard N. Draper 210 $aNew York ; Basel$cMarcel Dekker$dc1982 215 $aVIII, 291 p.$d26 cm. 225 2 $aLecture notes in pure and applied mathematics$v68 410 0$12001$aLecture notes in pure and applied mathematics 606 $aAlgebra 676 $a512.24$v(21. ed.)$9Algebre fondate sulle proprietà dei gruppi 691 $a13-XX$9Commutative rings and algebras 702 1$aDraper,$bRichard N. 801 0$aIT$bUniversità della Basilicata - B.I.A.$gRICA$2unimarc 912 $a000016026 996 $aCommutative algebra$980108 997 $aUNIBAS BAS $aMONSCI BAS $aSCIENZE CAT $aEXT002$b01$c20030901$lBAS01$h1050 CAT $c20050601$lBAS01$h1755 CAT $abatch$b01$c20050718$lBAS01$h1052 CAT $c20050718$lBAS01$h1112 CAT $c20050718$lBAS01$h1142 CAT $c20050718$lBAS01$h1156 FMT Z30 -1$lBAS01$LBAS01$mBOOK$1BASA2$APolo Tecnico-Scientifico$2GEN$BCollezione generale$3MAT$666923$5S66923$820030901$f51$FRiservati LEADER 01487nam 2200397 450 001 000005762 005 20061027010300.0 100 $a20001107d1988----km-y0itay0103----ba 101 0 $aita 102 $aIT 200 1 $a<> progettista e il direttore dei lavori$earchitetti, geometri, ingegneri: pratica professionale e responsabilità$fMaria Rita Acciardi 205 $a1. ed. 210 $c<> Italia Scientifica$aRoma$d1988 215 $a449 p.$d24 cm. 225 1 $aManuali del progettista$v4 606 $aGeometri$xLegislazione$yItalia 606 $aArchitetti$xLegislazione$yItalia 606 $aIngegneri$xLegislazione$yItalia 676 $a344.4501762$v(20. ed.)$9Diritto del lavoro. Italia. Industria delle costruzioni 700 1$aAcciardi,$bMaria Rita$033895 801 0$aIT$bUniversità della Basilicata - B.I.A.$gRICA$2unimarc 912 $a000005762 996 $aProgettista e il direttore dei lavori$974131 997 $aUNIBAS BAS $aMONING BAS $aMONOGR BAS $aINGEGNERIA CAT $aVALVANO$b01$c20001107$lBAS01$h1515 CAT $c20050601$lBAS01$h1753 CAT $abatch$b01$c20050718$lBAS01$h1048 CAT $c20050718$lBAS01$h1108 CAT $c20050718$lBAS01$h1138 CAT $c20050718$lBAS01$h1152 CAT $aATR$b40$c20061027$lBAS01$h0103 FMT Z30 -1$lBAS01$LBAS01$mBOOK$1BASA2$APolo Tecnico-Scientifico$2DID$BDidattica$3PTS.s1.p49.13$666151$5I66151$820001107$f04$FPrestabile Didattica